Calculus for business, economics, life sciences and social sciences (Record no. 46727)

MARC details
000 -LEADER
fixed length control field 00473 a2200157 4500
008 - FIXED-LENGTH DATA ELEMENTS--GENERAL INFORMATION
fixed length control field 160916b xxu||||| |||| 00| 0 eng d
020 ## - INTERNATIONAL STANDARD BOOK NUMBER
International Standard Book Number 9781292062280
050 ## - LIBRARY OF CONGRESS CALL NUMBER
Classification number QA303
Item number .B37 2015
100 ## - MAIN ENTRY--PERSONAL NAME
Personal name Barnett,Raymond A.
245 ## - TITLE STATEMENT
Title Calculus for business, economics, life sciences and social sciences
Statement of responsibility, etc Ziegler,Michael R and Byleen,Karl E.
250 ## - EDITION STATEMENT
Edition statement 13th ed.
260 ## - PUBLICATION, DISTRIBUTION, ETC. (IMPRINT)
Name of publisher, distributor, etc Pearson
Date of publication, distribution, etc c2015
Place of publication, distribution, etc Boston.
300 ## - PHYSICAL DESCRIPTION
Extent 638p.,
Dimensions 28cm.
650 ## - SUBJECT ADDED ENTRY--TOPICAL TERM
Topical term or geographic name as entry element Calculus.
942 ## - ADDED ENTRY ELEMENTS (KOHA)
Item type Book
Source of classification or shelving scheme Library of Congress Classification
Holdings
Withdrawn status Lost status Source of classification or shelving scheme Damaged status Not for loan Collection code Home library Current library Shelving location Date acquired Source of acquisition Cost, normal purchase price Total Checkouts Total Renewals Full call number Barcode Date last seen Date last borrowed Copy number Price effective from Koha item type
    Library of Congress Classification     Non-fiction Bishop Okullu Memorial Library (Limuru Campus) Bishop Okullu Memorial Library (Limuru Campus) General Circulation 16/09/2016 Purchase 6083.00 33 4 QA303 .B37 2015 047693 23/06/2023 24/01/2023 1 16/09/2016 Book
    Library of Congress Classification     Non-fiction Bishop Okullu Memorial Library (Limuru Campus) Bishop Okullu Memorial Library (Limuru Campus) General Circulation 16/09/2016 Purchase 6083.00 2   QA303 .B37 2015 047694   13/11/2019 2 16/09/2016 Book
    Library of Congress Classification     Non-fiction Nairobi Campus Nairobi Campus General Circulation 16/09/2016 Purchase 6083.00 4   QA303 .B37 2015 047696 03/11/2022 04/10/2022 3 16/09/2016 Book
    Library of Congress Classification     Non-fiction Nakuru Campus Nakuru Campus General Circulation 16/09/2016 Purchase 6083.00 4   QA303 .B37 2015 047695   12/04/2018 4 16/09/2016 Book